000 00482nam a2200169 4500
003 SEACOMMC
005 20250411140744.0
008 240911b |||||||| |||| 00| 0 eng d
020 _a 000-00-0000-330-1
_cRs.295.00
040 _aSEACOMMC
082 _a005.5
_bR883
100 _aRoy Gautam
245 1 _acomputer Operator [and] Programming Assistance
_cGautam Roy
260 _a Delhi
_bAsian Books
_c2005
650 _acomputer,Operator,and,Programming,Assistance,
942 _cBOOK
999 _c541
_d541